000 00769cab a2200217 4500
001 WB2649-47
008 090401t1990 xxu||||| |||| 00| 0 eng d
035 _a(Sirsi) u46049
041 _aeng
245 _aScottish valuation guidelines
260 _c1990
350 _a0
490 _aChartered Surveyor Weekly
_vvol 33 no 11 13/12/90 p56
520 _aThe RICS in Scotland has issued guidelines for surveyors carrying out house valuation s which are designed to safeguard their independent status when they receive instructions from the seller`s agent.
650 _aABOUT RICS-RICS MEMBERS
650 _aLENDING INSTITUTIONS
650 _aMORTGAGES
690 _aMANAGEMENT-BUSINESS MANAGEMENT-PROFESSIONAL PRACTICE
942 _n0
948 _c04/03/1997
999 _c29134
_d29134